Normal view MARC view
  • Siddiqui, Hadia Alam

Entry Personal Name

Number of records used in: 1

001 - CONTROL NUMBER

  • control field: 131560

003 - CONTROL NUMBER IDENTIFIER

  • control field: NUST

005 - DATE AND TIME OF LATEST TRANSACTION

  • control field: 20251027103302.0

008 - FIXED-LENGTH DATA ELEMENTS

  • fixed length control field: 251027|| aca||aabn | a|a d

040 ## - CATALOGING SOURCE

  • Original cataloging agency: NUST
  • Transcribing agency: NUST

100 ## - HEADING--PERSONAL NAME

  • Personal name: Siddiqui, Hadia Alam

670 ## - SOURCE DATA FOUND

  • Source citation: Work cat.: (NUST): Siddiqui, Hadia Alam , Microplastic Behavior in Idealistic Exhalation Dynamics: Exploring Shape, Density, and Diameter Effects Using CFD /
© 2023 Central Library, National University of Sciences and Technology. All Rights Reserved.